Pokémon de type Fée - Mort Subite - Statistiques

Statistiques générales
  • Ce quiz a été pris 377 fois
    20 depuis la dernière actualisation
  • Le résultat moyen est 14 sur 20
Answers on the Grid
Answers color-coded by a green-red scale on the quiz's grid according to % correct below.
Nymphali
Togepi
Flabébé
Xerneas
Mysdibule
Trousselin
Bombydou
Toudoudou
Mélofée
Favianos
Dedenne
Farfaduvet
Diancie
Mimiqui
Angoliath
Amovénus
Hurle-Queue
Tokotoro
Marill
Fluvetin
Vrombotor
Gallame
Rugit-Lune
Miraidon
Chevroum
Beldeneige
Lumivole
Celebi
M. Glaquette
Lovdisc
Mamanbo
Denticrisse
Flamenroule
Dofin
Floramantis
Prismillon
 
Statistiques - réponses
Réponse % Correct
Trousselin
88%
Dedenne
81%
Flabébé
81%
Mélofée
81%
Mysdibule
81%
Nymphali
81%
Xerneas
81%
Fluvetin
75%
Marill
75%
Toudoudou
75%
Angoliath
69%
Diancie
69%
Farfaduvet
69%
Tokotoro
69%
Bombydou
56%
Mimiqui
56%
Togepi
56%
Amovénus
50%
Hurle-Queue
44%
Favianos
31%
Aucun quiz correspondant
Distribution des résultats
% des personnes avec chaque résultat
Percentile par nombre de réponses
Votre historique - résultats
Vous n’avez pas pris ce quiz depuis la dernière actualisation